Co Można Jeść na Wakacjach? - Statystyki

Ogólne statystyki
  • Ten quiz został rozwiązany 227 razy
    159 od ostatniego zresetowania
  • Średni wynik to 3 z 8
Statystyki odpowiedzi
Odpowiedzi % Poprawnych
Lody | Lody Tajskie
84%
Frytki
65%
Gofry
65%
Kebab
44%
Rybę
27%
Zapiekanki
26%
Hamburgery
20%
Wata Cukrowa
15%
Nie znaleziono quizów pasujących do podanych kryteriów
Rozkład punktacji
Procent ludzi z każdym wynikiem
Percentyl według liczby udzielonych odpowiedzi
Twoja historia wyników
Nie rozwiązałeś tego quizu od ostatniego zresetowania